<?xml version="1.0" encoding="UTF-8"?>
<record
    xmlns:xsi="http://www.w3.org/2001/XMLSchema-instance"
    xsi:schemaLocation="http://www.loc.gov/MARC21/slim http://www.loc.gov/standards/marcxml/schema/MARC21slim.xsd"
    xmlns="http://www.loc.gov/MARC21/slim">

  <leader>00672nam a2200145Ia 4500</leader>
  <controlfield tag="008">090124s9999    xx            000 0 und d</controlfield>
  <datafield tag="082" ind1=" " ind2=" ">
    <subfield code="b">203989</subfield>
  </datafield>
  <datafield tag="245" ind1=" " ind2=" ">
    <subfield code="a"> &#x938;&#x92E;&#x93E;&#x938; / &#x926;&#x94B; &#x938;&#x93E;&#x939;&#x93F;&#x924;&#x94D;&#x92F; &#x914;&#x930; &#x915;&#x932;&#x93E;&#x913;&#x902; &#x92A;&#x930; &#x90F;&#x915;&#x93E;&#x917;&#x94D;&#x930; &#x905;&#x928;&#x93F;&#x92F;&#x924;&#x915;&#x93E;&#x932;&#x93F;&#x915;</subfield>
  </datafield>
  <datafield tag="250" ind1=" " ind2=" ">
    <subfield code="a">1</subfield>
  </datafield>
  <datafield tag="260" ind1=" " ind2=" ">
    <subfield code="b">&#x935;&#x93E;&#x91C;&#x92A;&#x947;&#x92F;&#x940; &#x905;&#x936;&#x94B;&#x915;</subfield>
    <subfield code="c">1994</subfield>
  </datafield>
  <datafield tag="300" ind1=" " ind2=" ">
    <subfield code="a">215</subfield>
  </datafield>
  <datafield tag="630" ind1=" " ind2=" ">
    <subfield code="a"> &#x938;&#x92E;&#x93E;&#x938; / &#x926;&#x94B; &#x938;&#x93E;&#x939;&#x93F;&#x924;&#x94D;&#x92F; &#x914;&#x930; &#x915;&#x932;&#x93E;&#x913;&#x902; &#x92A;&#x930; &#x90F;&#x915;&#x93E;&#x917;&#x94D;&#x930; &#x905;&#x928;&#x93F;&#x92F;&#x924;&#x915;&#x93E;&#x932;&#x93F;&#x915;</subfield>
  </datafield>
  <datafield tag="730" ind1=" " ind2=" ">
    <subfield code="a"> &#x938;&#x92E;&#x93E;&#x938; / &#x926;&#x94B; &#x938;&#x93E;&#x939;&#x93F;&#x924;&#x94D;&#x92F; &#x914;&#x930; &#x915;&#x932;&#x93E;&#x913;&#x902; &#x92A;&#x930; &#x90F;&#x915;&#x93E;&#x917;&#x94D;&#x930; &#x905;&#x928;&#x93F;&#x92F;&#x924;&#x915;&#x93E;&#x932;&#x93F;&#x915;</subfield>
  </datafield>
  <datafield tag="942" ind1=" " ind2=" ">
    <subfield code="c">BOOK</subfield>
  </datafield>
  <datafield tag="999" ind1=" " ind2=" ">
    <subfield code="c">185570</subfield>
    <subfield code="d">185570</subfield>
  </datafield>
  <datafield tag="952" ind1=" " ind2=" ">
    <subfield code="0">0</subfield>
    <subfield code="1">0</subfield>
    <subfield code="4">0</subfield>
    <subfield code="7">0</subfield>
    <subfield code="a">THNMGS</subfield>
    <subfield code="b">THNMGS</subfield>
    <subfield code="d">0000-00-00</subfield>
    <subfield code="g">200.00</subfield>
    <subfield code="l">0</subfield>
    <subfield code="o">203989</subfield>
    <subfield code="p">THNMGS-203989</subfield>
    <subfield code="r">2009-01-24 00:00:00</subfield>
    <subfield code="v">200.00</subfield>
    <subfield code="w">2009-01-24</subfield>
    <subfield code="y">BOOK</subfield>
  </datafield>
</record>
